Football by Letter - U - Statistics

General Stats
  • This quiz has been taken 63 times
  • The average score is 8 of 9
Answer Stats
Hint Answer % Correct
Country that won the first World Cup Uruguay
100%
Organisation of the European Championship, Champions League and Europa League UEFA
97%
Co-host of the 2026 World Cup United Staates
97%
Country that will host the AFCON Cup for the first time in 2027 Uganda
93%
Country that co-hosted the European Championship 2012 with Poland Ukraine
93%
Italian team that has not been relegated since 1994/95 Udinese Calcio
83%
Country that qualified for the World Cup for the first time in 2026 Uzbekistan
83%
French FC Bayern Munich defender Dayot Upamecano
81%
German team that was promoted to the Bundesliga for the first time in 2018/19 Union Berlin
68%
No matching quizzes found
Score Distribution
Percent of People with Each Score
Percentile by Number Answered
Your Score History
You have not taken this quiz